| 000 | 01011nam a2200229Ia 4500 | ||
|---|---|---|---|
| 001 | L248-15100 | ||
| 003 | IT-CnALBA | ||
| 008 | 170116s9999||||xx |||||||||||||| ||und|| | ||
| 040 |
_aIT-CnALBA _cIT-CnALBA |
||
| 041 | _aFRANCESE | ||
| 100 | _aCHARTON J., CSSR. | ||
| 245 | 0 | _aPOUR VIVRE LE CHRIST. | |
| 250 | _a1a ed. | ||
| 260 |
_a PARIS _bSAINT PAUL LIBRAIRIE IMPRIM. _c1925 [1° Ed.:1925 - Ed.Ling.Originale: 1925] |
||
| 300 | _a542 p. | ||
| 500 | _aBIBLIOTECA CANONICO CHIESA. LA GRAZIA DI GESÙ. TRE VITE. MISTERI MIRACOLI. UMANITÀ DI GESÙ. ROSARIO. LITURGIA. EUCARISTIA. CARITÀ. VITA INTERIORE. SPIRITO SANTO. | ||
| 501 | _aSocietà San Paolo EM - Piazza San Paolo, 14 - 12051 ALBA (CN) (non commercial uses only) ® Copyright 2017 | ||
| 520 | _aBIBLIOTECA CANONICO CHIESA. LA GRAZIA DI GESÙ. TRE VITE. MISTERI MIRACOLI. UMANITÀ DI GESÙ. ROSARIO. LITURGIA. EUCARISTIA. CARITÀ. VITA INTERIORE. SPIRITO SANTO. | ||
| 650 | _aASCETICA E MISTICA | ||
| 942 | _cBK | ||
| 957 | _71 | ||
| 999 |
_a19850 _bSI _g Copie: 1 _c274269 _d274269 |
||